000 00955nam a2200325 a 4500
003 AR-BaBNM
005 20251128210025.0
008 082120s2002 ||||||||||||||000 | spa||
020 _a950-23-0676-7
040 _cAR-BaBNM
100 1 _aBuchbinder, Pablo
245 0 0 _aHistoria de la Facultad de Filosofía y Letras
_bUniversidad de Buenos Aires
260 _aBuenos Aires
_bEudeba
_c1997
300 _a236 p.
_bil.
504 _aFuentes y bibliografía para consultar p. 225-236
650 4 _aHISTORIA DE LA EDUCACION
650 4 _aESTADO Y EDUCACION
650 4 _aREFORMA DE LA EDUCACION
650 4 _aUNIVERSIDADES
650 4 _aSIGLO DIECINUEVE
650 4 _aSIGLO VEINTE
650 4 _aFILOSOFIA DE LA EDUCACION
650 4 _aPROFESORES UNIVERSITARIOS
650 4 _aENSEÑANZA UNIVERSITARIA
650 4 _aACTIVIDADES CIENTIFICAS
651 4 _aArgentina
653 _aPROBLEMAS EDUCATIVOS
942 _cBK
998 _cMariana
999 _c13756
_d13756